Touching objects : intimate experiences of Italian fifteenth-century art
"This groundbreaking book spans the fields of art history, material culture, and gender studies in its examination of a range of objects from Italian Renaissance society. Addressing painted and sculpted portraits, marriage and betrothal gifts, and paxes, Adrian W. B. Randolph uses themes such a...
Gespeichert in:
| VerfasserIn: | |
|---|---|
| Dokumenttyp: | Buch |
| Sprache: | English |
| Veröffentlicht: |
New Haven ; London
: Yale University Press
, [2014]
|
| Schlagwörter: | |
| Online Zugang: | Inhaltsverzeichnis Inhaltsverzeichnis |
| Bibliogr. Hinweis: | Rezensiert in:
Toccare con gli occhi, toccare il cuore |
| Verantwortlich: | Adrian W.B. Randolph |
| LEADER | 06000cam a2201093 c 4500 | ||
|---|---|---|---|
| 001 | 784048126 | ||
| 003 | DE-627 | ||
| 005 | 20260617215824.0 | ||
| 007 | tu | ||
| 008 | 140429s2014 xxu||||| 00| ||eng c | ||
| 010 | |a 2014013297 | ||
| 020 | |a 9780300204780 |q hardback |9 978-0-300-20478-0 | ||
| 024 | 3 | |a 9780300204780 | |
| 035 | |a (DE-627)784048126 | ||
| 035 | |a (DE-603)349418233 | ||
| 035 | |a (DE-576)424696967 | ||
| 035 | |a (DE-599)GBV784048126 | ||
| 035 | |a (OCoLC)888808903 | ||
| 035 | |a (OCoLC)888808903 | ||
| 040 | |a DE-627 |b ger |c DE-627 |e rda | ||
| 041 | |a eng | ||
| 044 | |c XD-US |c XA-GB | ||
| 050 | 0 | |a N72.S6 | |
| 082 | 0 | |a 709.45/09024 |q LOC |2 23 | |
| 082 | 0 | |a 709.4509024 |2 DDC23eng | |
| 082 | 0 | 4 | |a ART015080 |a ART009000 |a HIS054000 |q bisacsh |
| 084 | |a 9,10 |2 ssgn | ||
| 084 | |a LN 83340 |2 rvk |0 (DE-625)rvk/102377: | ||
| 084 | |a LN 10240 |2 rvk |0 (DE-625)rvk/101869: | ||
| 084 | |a 20.70 |2 bkl | ||
| 084 | |a 15.07 |2 bkl | ||
| 084 | |a 15.67 |2 bkl | ||
| 100 | 1 | |a Randolph, Adrian W. B. |d 1965- |e VerfasserIn |0 (DE-588)137168764 |0 (DE-627)590347942 |0 (DE-576)302382607 |4 aut | |
| 245 | 1 | 0 | |a Touching objects |b intimate experiences of Italian fifteenth-century art |c Adrian W.B. Randolph |
| 264 | 1 | |a New Haven |a London |b Yale University Press |c [2014] | |
| 264 | 4 | |c © 2014 | |
| 300 | |a vii, 327 Seiten |b Illustrationen | ||
| 336 | |a Text |b txt |2 rdacontent | ||
| 337 | |a ohne Hilfsmittel zu benutzen |b n |2 rdamedia | ||
| 338 | |a Band |b nc |2 rdacarrier | ||
| 500 | |a Literaturverzeichnis: Seite 272-311 | ||
| 520 | |a "This groundbreaking book spans the fields of art history, material culture, and gender studies in its examination of a range of objects from Italian Renaissance society. Addressing painted and sculpted portraits, marriage and betrothal gifts, and paxes, Adrian W. B. Randolph uses themes such as family and individual memory, windows, perspectival space, and touch to investigate how these items were experienced at the time, particularly by women. Rather than focusing on the social contexts of the objects, this original study deals with the objects themselves, asking how individuals lived with, looked at, and responded to complex things that at the time hovered between the nascent category of art and the everyday. Accompanied by beautiful and engaging accounts and illustrations of late-14th- and 15th-century Italian art, this compelling and thought-provoking argument makes the case for an alternate account of art and experience that challenges many conceptions about Renaissance art"-- | ||
| 583 | 1 | |a Archivierung/Langzeitarchivierung gewährleistet |f SSG |x XA-DE-BW |2 pdager |5 DE-16 | |
| 648 | 7 | |a Geschichte 1400-1500 |2 gnd | |
| 650 | 0 | |a Art, Italian |y 15th century | |
| 650 | 0 | |a Art objects, Italian |y 15th century | |
| 650 | 0 | |a Art and society |z Italy |x History |y To 1500 | |
| 650 | 0 | |a Material culture |x Social aspects |z Italy |x History |y To 1500 | |
| 650 | 0 | |a Women |z Italy |x History |y To 1500 | |
| 650 | 0 | 7 | |0 (DE-588)4114333-4 |0 (DE-627)105822957 |0 (DE-576)209483733 |a Kunst |2 gnd |
| 650 | 0 | 7 | |0 (DE-588)4051157-1 |0 (DE-627)106178369 |0 (DE-576)209091630 |a Sachkultur |2 gnd |
| 650 | 0 | 7 | |0 (DE-588)4157167-8 |0 (DE-627)10550291X |0 (DE-576)209832320 |a Gestik |2 gnd |
| 650 | 4 | |a Art and society--Italy--History--To 1500 | |
| 650 | 4 | |a Art, Italian--15th century | |
| 650 | 4 | |a Art objects, Italian--15th century | |
| 650 | 4 | |a Art--Social aspects--Italy--History--To 1500 | |
| 650 | 4 | |a Material culture--Social aspects--Italy--History--To 1500 | |
| 650 | 4 | |a Women--Italy--History--To 1500 | |
| 651 | 7 | |0 (DE-588)4027833-5 |0 (DE-627)106283235 |0 (DE-576)208972501 |a Italien |2 gnd | |
| 689 | 0 | 0 | |d g |0 (DE-588)4027833-5 |0 (DE-627)106283235 |0 (DE-576)208972501 |a Italien |2 gnd |
| 689 | 0 | 1 | |d s |0 (DE-588)4114333-4 |0 (DE-627)105822957 |0 (DE-576)209483733 |a Kunst |2 gnd |
| 689 | 0 | 2 | |d s |0 (DE-588)4051157-1 |0 (DE-627)106178369 |0 (DE-576)209091630 |a Sachkultur |2 gnd |
| 689 | 0 | 3 | |d s |0 (DE-588)4157167-8 |0 (DE-627)10550291X |0 (DE-576)209832320 |a Gestik |2 gnd |
| 689 | 0 | 4 | |a z |2 gnd |a Geschichte 1400-1500 |
| 689 | 0 | |5 DE-101 | |
| 689 | 1 | 0 | |d g |0 (DE-588)4027833-5 |0 (DE-627)106283235 |0 (DE-576)208972501 |a Italien |2 gnd |
| 689 | 1 | 1 | |d s |0 (DE-588)4114333-4 |0 (DE-627)105822957 |0 (DE-576)209483733 |a Kunst |2 gnd |
| 689 | 1 | 2 | |d s |0 (DE-588)4051157-1 |0 (DE-627)106178369 |0 (DE-576)209091630 |a Sachkultur |2 gnd |
| 689 | 1 | 3 | |d s |0 (DE-588)4157167-8 |0 (DE-627)10550291X |0 (DE-576)209832320 |a Gestik |2 gnd |
| 689 | 1 | 4 | |a z |2 gnd |a Geschichte 1400-1500 |
| 689 | 1 | |5 (DE-627) | |
| 787 | 0 | 8 | |i Rezensiert in |a Jonietz, Fabian |t Toccare con gli occhi, toccare il cuore |d 2016 |w (DE-627)1747628778 |
| 856 | 4 | 2 | |u https://swbplus.bsz-bw.de/bsz424696967inh.htm |m B:DE-576;DE-16 |q application/pdf |v 20150202111419 |x Verlag |3 Inhaltsverzeichnis |7 1 |
| 856 | 4 | 2 | |u http://scans.hebis.de/HEBCGI/show.pl?34941823_toc.pdf |m V:DE-576;B:DE-16 |q application/pdf |3 Inhaltsverzeichnis |7 1 |
| 935 | |i Blocktest | ||
| 936 | r | v | |a LN 83340 |b Quattrocento (Frührenaissance) |k Kunstgeschichte |k Kunst nach Ländern bzw. Kontinenten |k Italien |k Italienische Kunstgeschichte nach Gattungen |k Malerei |k Einzelne Epochen |k Quattrocento (Frührenaissance) |0 (DE-627)1270703625 |0 (DE-625)rvk/102377: |0 (DE-576)200703625 |
| 936 | r | v | |a LN 10240 |b Quattrocento (Frührenaissance) |k Kunstgeschichte |k Kunst nach Ländern bzw. Kontinenten |k Italien |k Italienische Kunstgeschichte einzelner Epochen |k Quattrocento (Frührenaissance) |0 (DE-627)1271158280 |0 (DE-625)rvk/101869: |0 (DE-576)201158280 |
| 936 | b | k | |a 20.70 |j Europäische Kunst: Allgemeines |0 (DE-627)106406566 |
| 936 | b | k | |a 15.07 |j Kulturgeschichte |0 (DE-627)181569620 |
| 936 | b | k | |a 15.67 |j Italien |x Geschichte |0 (DE-627)181569728 |
| 936 | s | n | |a l300 |2 mzub |
| 951 | |a BO | ||
| 990 | |a Italien | ||
| 990 | |a Kunst | ||
| 990 | |a Sachkultur | ||
| 990 | |a Gestik | ||
| 990 | |a Geschichte 1400-1500 | ||
| 990 | |a Italien | ||
| 990 | |a Kunst | ||
| 990 | |a Sachkultur | ||
| 990 | |a Gestik | ||
| 990 | |a Geschichte 1400-1500 | ||
| 991 | |a Rezensiertes Werk | ||
| 999 | |a KXP-PPN784048126 |e 4049923165 | ||


